The Emerald swan (Record no. 35718)

MARC details
000 -LEADER
fixed length control field 00323nam a2200145Ia 4500
020 ## - INTERNATIONAL STANDARD BOOK NUMBER
ISBN 0- 553- 57525- 2
100 ## - STATEMENT OF RESPONSIBILITY--MAIN AUTHOR NAME
Personal name Jane Feather
245 #4 - TITLE STATEMENT
Title The Emerald swan
260 ## - PUBLICATION, DISTRIBUTION, ETC. (IMPRINT)
Name of publisher Bantam books
260 ## - PUBLICATION, DISTRIBUTION, ETC. (IMPRINT)
Year of publication 1998
300 ## - PHYSICAL DESCRIPTION
Number of Pages 419 p
942 ## - ADDED ENTRY ELEMENTS (KOHA)
Koha item type Books
Holdings
Withdrawn status Lost status Source of classification or shelving scheme Damaged status Not for loan Permanent Location Current Location Date acquired Accession Number Price effective from Koha item type
    Library of Congress Classification     NILE UNIVERSITY OF NIGERIA - MAIN LIBRARY NILE UNIVERSITY OF NIGERIA - MAIN LIBRARY 04/23/2025 0000358 04/23/2025 Books